Lineas pastorales de la iglesia en América Latina: análisis teológico

Guardat en:
Dades bibliogràfiques
Autor principal: Gutiérrez Merino, Gustavo (Autor)
Format: Llibre
Idioma:espanyol
Publicat: Santiago Instituto Catequístico Latinoamericano 1970
Col·lecció:Biblioteca Pastoral
Matèries:
Etiquetes: Afegir etiqueta
Sense etiquetes, Sigues el primer a etiquetar aquest registre!

MARC

LEADER 00000nam a2200000 a 4500
001 UCH4994
003 CL-VaPUC
008 090916e19700000CL |||||||||||||||||spa|d
082 0 4 |a 242  |b GUT  |2 21 
100 |a Gutiérrez Merino, Gustavo  |e author  |9 480704 
245 1 0 |a Lineas pastorales de la iglesia en América Latina: análisis teológico 
300 |a 87 p 
942 |c BK 
945 |d 20090916 00:00:00  |a rbrito 
260 |a Santiago  |b Instituto Catequístico Latinoamericano  |c 1970 
650 0 |a Teología pastoral   |9 257832 
650 0 |a Pastorales   |9 376637 
650 7 |a EVANGELIZACION  |2 CL-VaPUC  |9 541101 
651 0 |a América Latina   |9 255027 
583 |a last modification  |c 20090916 00:00:00  |k Rodrigo Vera 
490 0 |a Biblioteca Pastoral 
999 |c 336225  |d 336223 
952 |0 0  |1 0  |4 0  |6 242_000000000000000_GUT_1970  |7 0  |8 X  |9 427215  |a FDOBUD  |b FDOBUD  |d 2019-11-22  |i 4595998  |o 242 GUT 1970  |p 4595998  |r 2019-11-22  |w 2019-11-22  |y BK_X  |k BUD